Harvard Business Review (Record no. 118705)

MARC details
000 -LEADER
fixed length control field 00565cas a22001935a 4500
001 - CONTROL NUMBER
control field L94335
008 - FIXED-LENGTH DATA ELEMENTS--GENERAL INFORMATION
fixed length control field 070626c1922 xxumr p 0 a0eng
022 1# - INTERNATIONAL STANDARD SERIAL NUMBER
International Standard Serial Number 0017-8012
035 ## - SYSTEM CONTROL NUMBER
System control number (Sirsi) u99581
041 0# - LANGUAGE CODE
Language code of text/sound track or separate title eng
245 00 - TITLE STATEMENT
Title Harvard Business Review
260 ## - PUBLICATION, DISTRIBUTION, ETC.
Place of publication, distribution, etc. Boston
Name of publisher, distributor, etc. Harvard University Press
Date of publication, distribution, etc. 1922-
520 ## - SUMMARY, ETC.
Summary, etc. Kept for five years
651 #4 - SUBJECT ADDED ENTRY--GEOGRAPHIC NAME
Geographic name United States
Chronological subdivision 1959-
690 ## - LOCAL SUBJECT ADDED ENTRY--TOPICAL TERM (OCLC, RLIN)
Topical term or geographic name as entry element MANAGEMENT-BUSINESS MANAGEMENT
856 ## - ELECTRONIC LOCATION AND ACCESS
Uniform Resource Identifier <a href="https://www.hbrweb.org">https://www.hbrweb.org</a>
Public note Limited number of free articles available via hbrweb
942 ## - ADDED ENTRY ELEMENTS (KOHA)
Suppress in OPAC 0
Source of classification or shelving scheme Dewey Decimal Classification
948 ## - LOCAL PROCESSING INFORMATION (OCLC); SERIES PART DESIGNATOR (RLIN)
c (OCLC) 13/10/1998
Holdings
Withdrawn status Lost status Source of classification or shelving scheme Damaged status Not for loan Home library Current library Shelving location Date acquired Total Checkouts Full call number Barcode Date last seen Price effective from Koha item type
    Other/Generic Classification Scheme     London London Gallery 13/08/2004   HARVARD BUSINESS REVIEW 99581-1001 06/08/2019 06/08/2019 Journal
    Dewey Decimal Classification     Virtual Virtual Online 05/07/2007   ONLINE PUBLICATION 99581-2001 06/08/2019 06/08/2019 Journal